000
00324nam a2200109Ia 4500
008
200302s9999 xx 000 0 und d
100
_a
Justin Henderson & Other
245
_a
Design Secrets : Architectural Interiors 50 Real- Life Projects Uncovered
260
_b
Rockport Publishers Inc.,
260
_c
2001
300
_a
208 P.,
999
_c
2084
_d
2084